000 00783nam a22002177a 4500
999 _c20711
_d20711
003 AR-CdUCM
008 190604b ||||| |||| 00| 0 spa d
040 _aMUNICIPALIDAD PROVINCIAL DEL CUSCO
_cBIBLIOTECA MUNICIPAL DEL CUSCO
082 _a800 /
_bR62
100 _aRincón, Alberto, Uriana, Eustaquio y otros
_943257
245 _aSemilla para siempre /
260 _aVenezuela :
_bLa primera prueba,
_c2005.
300 _a28 paginas
_bIlustraciones,
_c27 cm.
500 _alibro con contenido
505 _aContenido: Lecto- escritura.
650 _aLectura infantil
_928296
650 _aEscritura infantil
_943258
700 _aÁlvarez, José y Beltran, Luis (asesores técnicos), Molina, Wilmer y Alfonso, Lenin (dibujos)
_943259
942 _2ddc
_cLIBROS
945 _aAndy